| 000 | 00672nam a2200193 i 4500 | ||
|---|---|---|---|
| 001 | 89612 | ||
| 003 | ES-MaACL | ||
| 005 | 20230906180231.0 | ||
| 007 | t| | ||
| 008 | 050111s1958 sp ||||1| spa d | ||
| 100 | 1 |
_aLasserre, Henri. _970469 |
|
| 245 | 1 | 0 |
_aNuestra Señora de Lourdes / _cpor Enrique Lasserre ; obra honrada con un breve de su Santidad Pío IX ; traducción de Francisco Melgar. |
| 250 | _a7ª ed. | ||
| 260 |
_aMadrid : _bHijos de Gregorio del Amo, _c1958. |
||
| 300 |
_a402 p. ; _c19 cm. |
||
| 650 | 4 |
_aVirgen de Lourdes- _xApariciones y milagros. _9154615 |
|
| 700 | 1 |
_aMelgar, Francisco ( _d1903-1971) _979948 |
|
| 852 |
_aES-MaACL _jC-15162 _bR.42701 |
||
| 999 |
_c89612 _d89612 |
||